00000000cas 2200000zi 4500
0019.936942
003CaOODSP
00520251210093155
006m     o  d f      
007cr cn ||||||||
008240417c20219999mbctr p o    f0### 0eng|d
040 |aCaOODSP|beng|erda|cCaOODSP
043 |an-cn---
0861 |aCC192-6E-PDF
1102 |aFreshwater Fish Marketing Corporation (Canada)|eauthor, |eissuing body.
24510|a... financial report / |cFreshwater Fish Marketing Corporation.
2461 |iIssues for 1st quarter (fiscal 2024/2025)- have title: |aFinancial report (unaudited)
264 1|a[Winnipeg] : |bFreshwater Fish Marketing Corporation, |c[2020]-
310 |aThree times a year
336 |atext|btxt|2rdacontent
337 |acomputer|bc|2rdamedia
338 |aonline resource|bcr|2rdacarrier
3621 |aBegan with: 1st quarter (fiscal 2020/2021).
500 |aIssued also in French under title: ... rapport financier.
515 |aReport year ends April 30.
588 |aDescription based on: 1st quarter (fiscal 2020/2021); title from PDF cover page.
588 |aLatest issue consulted: 3rd quarter (fiscal 2024/2025).
61020|aFreshwater Fish Marketing Corporation (Canada)|xFinance|vPeriodicals.
650 0|aFinance, Public|zCanada|vPeriodicals.
655 7|aPeriodicals|2lcgft
77508|t... rapport financier / |w(CaOODSP)9.936959
78000|t... quarter report : |w(CaOODSP)9.936918